同一小選挙区連続当選衆議院議員 - Statistics

General Stats
  • This quiz has been taken 112 times
  • The average score is 6 of 11
Answer Stats
議員 % Correct
岸田文雄(広島1区)
90%
麻生太郎(福岡8区)
90%
石破茂(鳥取1区)
83%
菅義偉(神奈川2区)
73%
河野太郎(神奈川15区)
48%
茂木敏充(栃木5区)
45%
岡田克也(三重3区)
44%
逢沢一郎(岡山1区)
30%
平沢勝栄(東京17区)
27%
森英介(千葉11区)
25%
棚橋泰文(岐阜2区)
12%
No matching quizzes found
Score Distribution
Percent of People with Each Score
Percentile by Number Answered
Your Score History
You have not taken this quiz